00579nam a2200193Ia 450000500170000000800410001702000230005804000190008104100120010008200150011224500980012726000370022530000130026250400400027565000200031565100240033570000160035985000100037520240217101553.0131103s9999 xx 000 0 und d a8131600335cRs 775 aLoreto College aEnglish a363.7bSIN aNatural hazards and disaster managementb Vulnerability and mitigation cEdited by R.B. Singh aJaipurbRawat Publicationsc2006 axi,352p  aIncludes bibliographical references aNatural Hazards aDisaster Management aSingh, R.B. aLCLIB